000 00392nam a2200169Ia 4500
005 20250423095253.0
008 250422s9999 xx 000 0 und d
020 _a978-37084-9-X
050 _aHD 31 .O346/
100 _aOghojafor, Akpoyomare
245 0 _aEssentials of business policy
260 _aLagos
260 _bAbaba Press
260 _c2006
300 _a193 p
942 _cBK
999 _c29764
_d29764